000 00379nam a2200145 a 4500
005 20140412111422.0
008 080122s19uu xx 00 eng d
020 _a983-3434-74-6
050 _aTR(GS 743.4
_bY8 [2007]
245 _aYoung Scientist.
260 _aMalaysia :
_bLittle Sun Sdn. Bhd.
440 _aKindergarten series
650 _aLiving things
999 _c106105
_d106105